00932 a2200217 4500003000500000005001700005010001700022020002800039040000900067082001500076100002500091245009100116260004000207300003400247490003300281505027400314650004300588650002500631651001100656830004700667Nust20170207154029.0 a 2002038273 a1580533167 (alk. paper) cNust00a621.382/241 aStavroulakis, Peter.10aInterference analysis and reduction for wireless systems-(E-BOOK)cPeter Stavroulakis. aBoston, MA :bArtech House,cc2003. axix, 407 p. :bill. ;c25 cm.1 aMobile communications series aOverview of Wireless Information Systems 1 Wireless Channel Characterization and Coding 47 Transmission Systems in an Interference Environment 85 Optimal Detection in Fading Channels 155 Interference Analysis 213 Interference Suppression Techniques 275 Applications 329 0aCelular telephone systemsxProtection. 0aRadioxInterference. aE-BOOK 0aArtech House mobile communications series.